000 00755nam a2200217Ii 4500
003 JO-AjNU
008 230605s9999||||xx |||||||||||||| ||und||
017 _a2006/10960
020 _a977-5677-47-5
040 _aJO-AjNU
_bara
_erda
_cJO-AjNU
041 _aara
050 1 4 _aKZ6471.2006
100 3 _aإعداد شريف علتم,
_eauthor
_946912
245 0 0 _aالقانون الدولى الإنساني : دليل للأوساط الاكاديمية
264 3 1 _aالقاهرة : اللجنة الدولية للصليب الأحمر، 2006
300 _a373ص
336 _atext
_btxt
_2rdacontent
337 _aunmediated
_bn
_2rdamedia
338 _avolume
_bnc
_2rdacarrier
650 4 _aالقانون الدولي الانساني
_946913
999 _aA20442
_c24010
_d24010